Yunus Emre / (Record no. 15668)

MARC details
000 -BAŞLIK
Sabit Uzunlukta Kontrol Alanı 01065nam a22002777a 4500
999 ## - SİSTEM KONTROL NUMARALARI (KOHA)
Koha Biblionumber 15668
Koha Biblioitemnumber 15668
003 - KONTROL NUMARASI IDENTIFIER
Denetim Alanı MIRAKIL
005 - SON İŞLEM TARİHİ VE ZAMANI
Denetim Alanı 20240318164632.0
008 - SABİT-BOY VERİ ELEMANLARI - GENEL BİLGİLER
Sabit Uzunlukta Kontrol Alanı 240318b tu ||||| |||| 00| 0 tur d
020 ## - ULUSLARARASI STANDART KİTAP NUMARASI
Uluslararası Standart Kitap Numarası 9786057670380 (tk)
020 ## - ULUSLARARASI STANDART KİTAP NUMARASI
Uluslararası Standart Kitap Numarası 9786057670397 (1.c)
020 ## - ULUSLARARASI STANDART KİTAP NUMARASI
Uluslararası Standart Kitap Numarası 9786057670403 (2.c)
040 ## - KATALOGLAMA KAYNAK
Orijinal Kataloglama Ajansı TR-AnCHP
Metne Dönüştürmek Ajansı TR-AnCHP
041 ## - DİL KODU
Metin / Ses Parça Veya Ayrı Başlığın Dil Kodu tur
082 ## - DEWEY ONLU SINIFLANDIRMA NUMARASI
Sınıflandırma Numarası 818.2309
Ürün Numarası T27y 2021
100 1# - ANA GİRİŞ - KİŞİSEL İSİM
Kişisel Ad Tatcı, Mustafa
245 10 - BAŞLIK TABLOSU
Başlık Yunus Emre /
Sorumluluk Tablosu, Vb yazar Mustafa Tatcı ; editörler Leylâ İpekçi, Muhammed Bâkır Köse
250 ## - EDITION TABLOSU
Baskı Beyanı 1. basım Nisan 2021
260 ## - YAYIN, DAĞITIM, VB
Yayın, Dağıtım, Vb Yeri İstanbul :
Yayıncı, Dağıtıcı, Vs Adı H Yayınları,
Yayın, Dağıtım, Vb Tarihi 2021
300 ## - FİZİKSEL TANIM
Kapsam 2 cilt (888, 917 sayfa) :
Diğer Fiziksel Ayrıntıları renkli resim ;
Boyutlar 33 cm
500 ## - GENEL NOT
Genel Not Dizin vardır<br/>
500 ## - GENEL NOT
Genel Not İçindekiler: 1. cilt: Yûnus Emre'nin hayatı, san'atı, şiir dünyası - Yûnus Emre şerhleri - 2. cilt: Dîvân-ı ilâhiyât - Risâletü'n-Nushiye - Âşık Yûnus<br/>
504 ## - KAYNAKÇA VB NOT
Kaynakça Vb Notu Kaynakça: 799-811. sayfa<br/>
600 14 - KONU KATMA GİRİŞ - KURUMSAL ADI
9 (RLIN) 4598
Kişisel Ad Yunus Emre
856 ## - ELEKTRONİK YER VE ERİŞİM
Kamu Notu Dijital Nüshası için Partimizin Kütüphane Sorumlusu ile iletişime geçiniz.
942 ## - EKLENDİ GİRİŞ ELEMANLARI (KOHA)
Sınıflandırma Veya Raf Düzeni Kaynak Dewey Decimal Classification
Koha Öğesi Türü Books
Holdings
Kalıcı Konum Mevcut Konum Edinme Tarihi Seri Numaralandırma / Kronolojik Toplam Check-Out'Lar Tam Çağrı Numarası Barkod Tarih Son Görülme Kopya Sayısı İtibaren Geçerli Fiyatlar Koha Öğesi Türü
CHP Kütüphanesi CHP Kütüphanesi 03/18/2024 c.1   818.2309 T27y 2021 21582 03/18/2024 c.1 03/18/2024 Books
CHP Kütüphanesi CHP Kütüphanesi 03/18/2024 c.2   818.2309 T27y 2021 21583 03/18/2024 c.2 03/18/2024 Books